000
00305nam a22001337a 4500
008
170906b xxu||||| |||| 00| 0 eng d
020
_a
9780030287770
041
_a
eng
080
_2
6TH
_a
72
100
_a
41
101
_a
ARK
245
_a
SCENE DESIGN AND STAGE LIGHTING
_c
PARKER,W.O
942
_2
udc
_c
BK
999
_c
26277
_d
26277